[Event "AUT-ch U10"]
[White "Rainer, Bruno"]
[Black "Mueller, Nick2"]
[Site "St Kanzian"]
[Round "5.10"]
[Result "0-1"]
[Date "2018.06.02"]
[WhiteElo "907"]
[BlackElo "1046"]
[PlyCount "118"]
[EventDate "2018.06.01"]
[EventType "swiss"]
[EventRounds "7"]
[EventCountry "AUT"]
[SourceTitle "EXT 2024"]
[Source "ChessBase"]
[SourceDate "2023.10.10"]
[SourceVersion "1"]
[SourceVersionDate "2023.10.10"]
[SourceQuality "1"]

1. e4 e6 2. d4 d5 3. Nc3 c5 4. dxc5 Bxc5 5. Nf3 Nf6 6. Bb5+ Bd7 7. Bxd7+ Qxd7 8. Ne5 Qd8 9. 0-0 0-0 10. Bg5 h6 11. Bxf6 Qxf6 12. Nd3 Bd4 13. Qe1 Bxc3 14. bxc3 Nc6 15. Nc5 Qe7 16. exd5 Qxc5 17. dxc6 Qxc6 18. Rb1 Rfe8 19. Qd2 Rad8 20. Qf4 e5 21. Qg4 Re6 22. Rfd1 Rxd1+ 23. Rxd1 Rg6 24. Qh3 f5 25. g3 f4 26. Rd8+ Kh7 27. Qf5 Qf6 28. Qxf6 gxf6 29. Rd7+ Rg7 30. Rd1 Rc7 31. gxf4 exf4 32. Rd3 Kg6 33. h3 Kg5 34. Kg2 f5 35. Kf3 h5 36. a4 Rc4 37. a5 Kh4 38. Kg2 Rc5 39. f3 Rxa5 40. c4 Ra2 41. Rc3 a5 42. c5 a4 43. Kh2 a3 44. Kg2 Ra1 45. Kh2 a2 46. Ra3 Kg5 47. h4+ Kf6 48. c3 Ke5 49. Ra5 Ke6 50. c4 Kd7 51. Kg2 Kc6 52. Kf2 b6 53. cxb6 Kxb6 54. Ra3 Kc5 55. Ra4 Kb6 56. Ke2 Kc5 57. Kd2 Rh1 58. Rxa2 Rh2+ 59. Kd3 Rxa2 0-1

[Event "AUT-ch U10"]
[White "Rainer, Bruno"]
[Black "Szigeti, Adam"]
[Site "St Kanzian"]
[Round "4.8"]
[Result "0-1"]
[Date "2018.06.02"]
[WhiteElo "907"]
[BlackElo "1175"]
[PlyCount "112"]
[EventDate "2018.06.01"]
[EventType "swiss"]
[EventRounds "7"]
[EventCountry "AUT"]
[SourceTitle "EXT 2024"]
[Source "ChessBase"]
[SourceDate "2023.10.10"]
[SourceVersion "1"]
[SourceVersionDate "2023.10.10"]
[SourceQuality "1"]

1. e4 e5 2. Nf3 Nc6 3. Bb5 a6 4. Bxc6 dxc6 5. 0-0 Bg4 6. Nc3 Bc5 7. d3 Qf6 8. Bg5 Qg6 9. Bd2 f6 10. h3 Bxh3 11. Nh4 Qg4 12. Qxg4 Bxg4 13. Na4 Ba7 14. Be3 Bxe3 15. fxe3 b6 16. Nf5 Bxf5 17. Rxf5 Ne7 18. Rf3 Rf8 19. Raf1 Rd8 20. g4 h6 21. Nc3 b5 22. Ne2 c5 23. b3 Nc6 24. a4 Nb4 25. Rc1 Ke7 26. axb5 axb5 27. Nc3 c6 28. Kg2 g6 29. Rh1 Nxc2 30. Rxh6 Ne1+ 31. Kf2 Nxf3 32. Kxf3 Kf7 33. Rh7+ Kg8 34. Rc7 Rc8 35. Rxc8 Rxc8 36. Ne2 Ra8 37. d4 c4 38. bxc4 bxc4 39. d5 cxd5 40. exd5 Rd8 41. e4 Kh7 42. Ke3 Kh6 43. Kf3 Kg5 44. Kg2 f5 45. gxf5 gxf5 46. exf5 Kxf5 47. Ng3+ Kg4 48. Ne4 Kf4 49. Nf6 Kf5 50. Nh5 Rxd5 51. Ng3+ Ke6 52. Ne4 Rd4 53. Kf3 Rd3+ 54. Ke2 Kd5 55. Nf2 Ra3 56. Kd2 Ra2+ 0-1

[Event "AUT-ch U10"]
[White "Rabitsch, David"]
[Black "Rainer, Bruno"]
[Site "St Kanzian"]
[Round "3.11"]
[Result "0-1"]
[Date "2018.06.01"]
[WhiteElo "1046"]
[BlackElo "907"]
[PlyCount "52"]
[EventDate "2018.06.01"]
[EventType "swiss"]
[EventRounds "7"]
[EventCountry "AUT"]
[SourceTitle "EXT 2024"]
[Source "ChessBase"]
[SourceDate "2023.10.10"]
[SourceVersion "1"]
[SourceVersionDate "2023.10.10"]
[SourceQuality "1"]

1. e4 e5 2. Nf3 Nc6 3. Nc3 Bc5 4. Nxe5 Nxe5 5. d4 Bxd4 6. Qxd4 Qf6 7. Nd5 Nf3+ 8. gxf3 Qxd4 9. Nxc7+ Kd8 10. Nxa8 Nf6 11. Bg5 Qxb2 12. Bxf6+ Qxf6 13. Rb1 Qxf3 14. Rg1 d5 15. Rd1 Qxe4+ 16. Be2 Re8 17. Kf1 Qxe2+ 18. Kg2 Qg4+ 19. Kh1 Qf3+ 20. Rg2 Qxd1+ 21. Rg1 Re1 22. Rxe1 Qxe1+ 23. Kg2 Bf5 24. Nc7 Kxc7 25. Kf3 Qe4+ 26. Kg3 Qg4# 0-1